Molecular Devices and Machines (Record no. 3612)

MARC details
000 -LEADER
fixed length control field 00551nam a22001817a 4500
008 - FIXED-LENGTH DATA ELEMENTS--GENERAL INFORMATION
fixed length control field 250522b |||||||| |||| 00| 0 eng d
020 ## - INTERNATIONAL STANDARD BOOK NUMBER
ISBN 9783527318001
100 ## - MAIN ENTRY--AUTHOR
Author Balzani Vicenzo
245 ## - TITLE STATEMENT
Title Molecular Devices and Machines
Remainder of title Concepts and Perspectives for the Nano World.
250 ## - EDITION STATEMENT
Edition statement Second Edition
260 ## - PUBLICATION, DISTRIBUTION, ETC. (IMPRINT)
Place of publication Germany
Name of publisher Wiley-VCH
Date of publication 2008
300 ## - COLLATION
Pagination xxxiii, 527p:
Other physical details illustration;
650 ## - TRACINGS
Main Subject Nanotechnology
Subdivision (1st) Molecular Electronics
700 ## - ADDITIONAL AUTHOR
Additional Author Credi Alberto
700 ## - ADDITIONAL AUTHOR
Additional Author Venturi Margherita
942 ## - ADDED ENTRY ELEMENTS (KOHA)
Item type Books
050 ## - LIBRARY OF CONGRESS CALL NUMBER
Classification number T174.7
Item number .B35 2008
Holdings
Source of classification or shelving scheme Not for loan Permanent location Current location Date acquired Accession No. Full call number Barcode. Koha item type
Library of Congress Classification   Samuel Ogbemudia Main Library, University of Abuja Samuel Ogbemudia Main Library, University of Abuja 05/22/2025 2024/63953 T174.7.B35 2008 2025-2085 Books